LEADER 01262nam 2200313z- 450 001 9910689799703321 005 20161209103828.0 035 $a(CKB)5860000000029867 035 $a(BIP)010805093 035 $a(EXLCZ)995860000000029867 100 $a20220406c2004uuuu -u- - 101 0 $aeng 200 10$aNuclear power generation in the United States $ehearing before the Subcommittee on Energy of the Committee on Energy and Natural Resources, United States Senate, One Hundred Eighth Congress, second session, to receive testimony regarding new nuclear power generation in the United States, March 4, 2004 215 $a1 online resource (iii, 54 p.) 311 $a0-16-071740-X 517 $aNuclear power generation in the United States 606 $aNuclear energy$zUnited States 606 $aNuclear energy$xGovernment policy$zUnited States 606 $aNuclear power plants$zUnited States 610 $aNuclear energy 610 $aNuclear power plants 610 $aTechnology & engineering 615 0$aNuclear energy 615 0$aNuclear energy$xGovernment policy 615 0$aNuclear power plants 906 $aBOOK 912 $a9910689799703321 996 $aNuclear power generation in the United States$93144729 997 $aUNINA